Miscelánea histórico-jurídica de Chile. Siglos XVIII y XIX. Administración de Justicia. Empresariado Fabril. Relaciones Exteriores. Movimientos de Población. Ámbitos Territoriales.
Saved in:
| Main Author: | |
|---|---|
| Format: | Book |
| Language: | Spanish |
| Published: |
Valparaíso, Chile:
Facultad de Humanidades; Universidad de Playa Ancha de Ciencias de la Educación,
1998.
|
| Subjects: | |
| Tags: |
Add Tag
No Tags, Be the first to tag this record!
|
MARC
| LEADER | 00000nam a2200000 a 4500 | ||
|---|---|---|---|
| 001 | UCO4026 | ||
| 003 | CL-VaPUC | ||
| 005 | 20220921074433.0 | ||
| 008 | 000728e19980000CL |||||||||||||||||spa|d | ||
| 999 | |c 290113 |d 290111 | ||
| 020 | |a 956-7017-77-8 | ||
| 040 | |c Pontificia Universidad Católica de Valparaíso | ||
| 082 | 0 | 4 | |a 340.0983 HAR 1998 |2 21 |
| 100 | |a Harris Bucher, Gilberto |e autor |9 777799 | ||
| 245 | 1 | 0 | |a Miscelánea histórico-jurídica de Chile. Siglos XVIII y XIX. |b Administración de Justicia. Empresariado Fabril. Relaciones Exteriores. Movimientos de Población. Ámbitos Territoriales. |
| 260 | |a Valparaíso, Chile: |b Facultad de Humanidades; |b Universidad de Playa Ancha de Ciencias de la Educación, |c 1998. | ||
| 300 | |a 116 páginas. | ||
| 500 | |a c.5 Donación Familia Prof. Alejandro Guzmán Brito. | ||
| 583 | |a last modification |c 20000728 00:00:00 |k Rodrigo Vera | ||
| 650 | 0 | |a Historia del derecho |y Siglos 18-19 |9 255109 | |
| 650 | 0 | |a Administración de justicia |9 382749 | |
| 650 | 0 | |a Relaciones Exteriores |z Chile |9 255379 | |
| 852 | |a BIBCUR | ||
| 942 | |c BK |2 ddc |n 0 | ||
| 945 | |d 20000728 00:00:00 |a crobeson | ||
| 952 | |0 0 |1 0 |2 ddc |4 0 |6 340_098300000000000_HAR_1998 |7 0 |8 A |9 339330 |a BIBHIS |b BIBHIS |d 2019-11-20 |i 1203096 |o 340.0983 HAR 1998 |p 1203096 |r 2025-01-20 |t 1 |w 2019-11-20 |y BK |k HIS | ||
| 952 | |0 0 |1 0 |2 ddc |4 0 |6 340_098300000000000_HAR_1998 |7 0 |8 A |9 339331 |a BIBHIS |b BIBHIS |d 2019-11-20 |i 120310K |o 340.0983 HAR 1998 |p 120310K |r 2025-01-20 |t 2 |w 2019-11-20 |y BK |k HIS | ||
| 952 | |0 0 |1 0 |2 ddc |4 0 |6 340_098300000000000_HAR_1998 |7 0 |8 A |9 339332 |a BIBHIS |b BIBHIS |d 2019-11-20 |i 1203118 |o 340.0983 HAR 1998 |p 1203118 |r 2025-01-20 |t 3 |w 2019-11-20 |y BK |k HIS | ||
| 952 | |0 0 |1 0 |2 ddc |4 0 |6 340_098300000000000_HAR_1998 |7 0 |8 A |9 339333 |a BIBHIS |b BIBHIS |d 2019-11-20 |i 3831906 |o 340.0983 HAR 1998 |p 3831906 |r 2025-01-20 |t 4 |w 2019-11-20 |y BK |k HIS | ||